[Event "Florianopolis op-A 04"]
[Site "Florianopolis"]
[Date "2023.04.30"]
[Round "4"]
[White "Menna Barreto, Luiz Ney"]
[Black "Do Valle Cardoso, Lucas"]
[Result "1/2-1/2"]
[WhiteElo "2226"]
[BlackElo "2228"]
[PlyCount "39"]
[EventDate "2023.04.28"]
[EventType "swiss"]
[EventRounds "6"]
[EventCountry "BRA"]
[SourceTitle "CBM 214 Extra"]
[Source "ChessBase"]
[SourceDate "2023.07.31"]
[SourceVersion "1"]
[SourceVersionDate "2023.07.31"]
[SourceQuality "1"]

1. Nf3 d5 2. d4 Nf6 3. c4 dxc4 4. Qa4+ Nbd7 5. g3 a6 6. Qxc4 b5 7. Qc2 Bb7 8. Bg2 e6 9. 0-0 c5 10. a4 Rc8 11. axb5 axb5 12. Qb3 b4 13. dxc5 Bxc5 14. Be3 Qb6 15. Bxc5 Nxc5 16. Qe3 0-0 17. Nbd2 Bd5 18. Ne5 Bxg2 19. Kxg2 Rfd8 20. Ndc4 1/2-1/2

[Event "Concordia op 6th"]
[Site "Concordia"]
[Date "2022.10.13"]
[Round "4"]
[White "Heredia Serrano, Carla Sofia"]
[Black "Menna Barreto, Luiz Ney"]
[Result "1-0"]
[WhiteElo "2095"]
[BlackElo "2235"]
[PlyCount "51"]
[EventDate "2022.10.12"]
[EventType "swiss"]
[EventRounds "9"]
[EventCountry "BRA"]
[SourceTitle "CBM 210 Extra"]
[Source "ChessBase"]
[SourceDate "2022.11.30"]
[SourceVersion "1"]
[SourceVersionDate "2022.11.30"]
[SourceQuality "1"]

1. e4 c6 2. Nc3 d5 3. Nf3 Bg4 4. h3 Bxf3 5. Qxf3 e6 6. Be2 Nf6 7. 0-0 dxe4 8. Nxe4 Be7 9. Nxf6+ Bxf6 10. a4 a5 11. d4 Qxd4 12. Rd1 Qb4 13. Ra3 Nd7 14. Rb3 Ne5 15. Qg3 Qxa4 16. Bf4 Ng6 17. Bd6 b5 18. Qf3 b4 19. Qe4 Ne7 20. Bxe7 Kxe7 21. Ra3 bxa3 22. Qxa4 Bxb2 23. Qxc6 Kf6 24. Qf3+ Kg6 25. Qg3+ Kf5 26. Qg4+ 1-0

[Event "Florianopolis op 8th"]
[Site "Florianopolis"]
[Date "2022.01.28"]
[Round "7"]
[White "Hirota da Silva, Nilton Jose"]
[Black "Menna Barreto, Luiz Ney"]
[Result "0-1"]
[WhiteElo "1853"]
[BlackElo "2254"]
[PlyCount "134"]
[EventDate "2022.01.24"]
[EventType "swiss"]
[EventRounds "10"]
[EventCountry "BRA"]
[SourceTitle "CBM 206 Extra"]
[Source "ChessBase"]
[SourceDate "2022.03.31"]
[SourceVersion "1"]
[SourceVersionDate "2022.03.31"]
[SourceQuality "1"]

1. Nf3 Nf6 2. b3 c5 3. Bb2 e6 4. g3 b6 5. Bg2 Bb7 6. 0-0 Be7 7. c4 0-0 8. Nc3 d6 9. Re1 a6 10. d4 cxd4 11. Nxd4 Bxg2 12. Kxg2 Qc7 13. e4 Nc6 14. Nxc6 Qxc6 15. f3 b5 16. cxb5 axb5 17. b4 Nd7 18. Rc1 Qb7 19. a3 Rfd8 20. Qe2 Rab8 21. Nb1 Bf6 22. Bxf6 Nxf6 23. Nd2 h6 24. Nb3 Rbc8 25. Qe3 e5 26. Na5 Qd7 27. Red1 Kf8 28. Rd3 Rxc1 29. Qxc1 Rc8 30. Rc3 Rxc3 31. Qxc3 Ne8 32. Nb3 f6 33. Nd2 Nc7 34. Nf1 d5 35. exd5 Nxd5 36. Qc5+ Kf7 37. h4 h5 38. Qc2 g6 39. Qc5 Ne7 40. Qc2 Nf5 41. Qc1 Qd3 42. Qb2 Nd4 43. Nh2 Qc2+ 44. Qxc2 Nxc2 45. Nf1 Nxa3 46. Ne3 Ke6 47. Kf2 Nc4 48. Nc2 Kd5 49. Ke2 Nd6 50. Kd3 Nf5 51. g4 hxg4 52. fxg4 e4+ 53. Kc3 Nxh4 54. Ne3+ Kc6 55. Kd4 f5 56. gxf5 gxf5 57. Nc2 Nf3+ 58. Ke3 Kd5 59. Kf4 Nd4 60. Ne3+ Ke6 61. Ng2 Kf6 62. Nh4 Ne6+ 63. Ke3 Nc7 64. Kd4 Na6 65. Ng2 Kg5 66. Kd5 Nxb4+ 67. Kc5 Nc2 0-1

[Event "Florianopolis op 8th"]
[Site "Florianopolis"]
[Date "2022.01.27"]
[Round "5"]
[White "Araujo, Renan Aparecido"]
[Black "Menna Barreto, Luiz Ney"]
[Result "1-0"]
[WhiteElo "1986"]
[BlackElo "2254"]
[PlyCount "29"]
[EventDate "2022.01.24"]
[EventType "swiss"]
[EventRounds "10"]
[EventCountry "BRA"]
[SourceTitle "CBM 206 Extra"]
[Source "ChessBase"]
[SourceDate "2022.03.31"]
[SourceVersion "1"]
[SourceVersionDate "2022.03.31"]
[SourceQuality "1"]

1. e4 c6 2. d4 d5 3. e5 Bf5 4. h4 h5 5. Bg5 Qb6 6. Bd3 Bxd3 7. Qxd3 Qxb2 8. e6 fxe6 9. Nf3 Nd7 10. 0-0 Qxa1 11. Qb3 e5 12. Nc3 Qxf1+ 13. Kxf1 e4 14. Ne5 Nxe5 15. Qxb7 1-0

[Event "Florianopolis op 8th"]
[Site "Florianopolis"]
[Date "2022.01.26"]
[Round "4"]
[White "Menna Barreto, Luiz Ney"]
[Black "Mekhitarian, Krikor Sevag"]
[Result "0-1"]
[WhiteElo "2254"]
[BlackElo "2562"]
[PlyCount "88"]
[EventDate "2022.01.24"]
[EventType "swiss"]
[EventRounds "10"]
[EventCountry "BRA"]
[SourceTitle "CBM 206 Extra"]
[Source "ChessBase"]
[SourceDate "2022.03.31"]
[SourceVersion "1"]
[SourceVersionDate "2022.03.31"]
[SourceQuality "1"]

1. Nf3 c5 2. c4 Nf6 3. Nc3 d5 4. cxd5 Nxd5 5. d4 Nxc3 6. bxc3 g6 7. e4 Bg7 8. Be3 Qa5 9. Qd2 0-0 10. Rc1 Rd8 11. d5 e6 12. c4 Qxd2+ 13. Nxd2 Na6 14. Be2 b6 15. 0-0 Nb4 16. a3 Na2 17. Rc2 Nc3 18. Bd3 exd5 19. cxd5 Bd7 20. Rfc1 Nb5 21. a4 Nd6 22. Ra2 f5 23. f3 fxe4 24. fxe4 Re8 25. Bf4 Nf7 26. Nf3 h6 27. h3 g5 28. Bg3 h5 29. Re1 g4 30. hxg4 hxg4 31. Nd2 Bd4+ 32. Bf2 Ne5 33. Bf1 Bc3 34. Bb5 Re7 35. Re3 Bxd2 36. Rxd2 Bxb5 37. axb5 Nc4 38. Rde2 Nxe3 39. Rxe3 Rae8 40. d6 Rd7 41. Bg3 Kf7 42. Kf2 Ke6 43. Bf4 Rf8 44. g3 Rxd6 0-1

[Event "Florianopolis op 8th"]
[Site "Florianopolis"]
[Date "2022.01.25"]
[Round "3"]
[White "Tomiello, Mateus Costamilan"]
[Black "Menna Barreto, Luiz Ney"]
[Result "0-1"]
[WhiteElo "2004"]
[BlackElo "2254"]
[PlyCount "98"]
[EventDate "2022.01.24"]
[EventType "swiss"]
[EventRounds "10"]
[EventCountry "BRA"]
[SourceTitle "CBM 206 Extra"]
[Source "ChessBase"]
[SourceDate "2022.03.31"]
[SourceVersion "1"]
[SourceVersionDate "2022.03.31"]
[SourceQuality "1"]

1. e4 c6 2. d4 d5 3. Nc3 dxe4 4. Nxe4 Nd7 5. Ng5 e6 6. Bd3 Ngf6 7. Ne2 Bd6 8. 0-0 h6 9. Nf3 Qc7 10. c4 b6 11. Nc3 Bb7 12. h3 a6 13. Qe2 0-0 14. b3 c5 15. Ne4 cxd4 16. Nxd4 Bh2+ 17. Kh1 Be5 18. Bb2 Nc5 19. Nxf6+ Bxf6 20. Bc2 Rad8 21. Qe3 a5 22. Rad1 Rd7 23. Ba3 Rfd8 24. Nf3 Qc6 25. Rxd7 Rxd7 26. Rd1 Rxd1+ 27. Bxd1 Ne4 28. Ne1 Bh4 29. Bf3 Bxf2 30. Bxe4 Bxe3 31. Bxc6 Bxc6 32. Nd3 Be4 33. Bc1 Bxc1 34. Nxc1 f5 35. Kg1 Kf7 36. g3 g5 37. Kf2 e5 38. Ne2 Ke6 39. Nc3 Bc6 40. a3 f4 41. b4 axb4 42. axb4 e4 43. gxf4 gxf4 44. b5 Bb7 45. Na4 Ke5 46. c5 e3+ 47. Ke1 Bg2 48. Nxb6 f3 49. Nc4+ Kd4 0-1

[Event "Florianopolis op 6th"]
[Site "Florianopolis"]
[Date "2020.01.23"]
[Round "5"]
[White "Menna Barreto, Luiz Ney"]
[Black "Mendes Domingues, Ribeiro Matheus"]
[Result "1/2-1/2"]
[WhiteElo "2283"]
[BlackElo "2139"]
[PlyCount "80"]
[EventDate "2020.01.20"]
[EventType "swiss"]
[EventRounds "10"]
[EventCountry "BRA"]
[SourceTitle "CBM 194 Extra"]
[Source "ChessBase"]
[SourceDate "2020.03.31"]
[SourceVersion "1"]
[SourceVersionDate "2020.03.31"]
[SourceQuality "1"]

1. Nf3 d5 2. d4 e6 3. c4 Nf6 4. g3 Be7 5. Bg2 0-0 6. 0-0 dxc4 7. Ne5 Nc6 8. Bxc6 bxc6 9. Nxc6 Qe8 10. Qa4 Bb4 11. b3 cxb3 12. axb3 Bd7 13. Qxb4 Bxc6 14. Nc3 Qd7 15. Qc5 Rfb8 16. b4 Nd5 17. Nxd5 Qxd5 18. Qxd5 Bxd5 19. Bd2 Bc4 20. Rfe1 c6 21. f3 Rd8 22. Bc3 Rd7 23. Kf2 f6 24. Red1 Rad8 25. Ke1 a6 26. Rd2 Kf7 27. Rc1 Bb5 28. Rcc2 h5 29. Kf2 g5 30. h3 Kg6 31. e4 f5 32. exf5+ exf5 33. Rc1 Re8 34. Re1 Rxe1 35. Kxe1 Re7+ 36. Kf2 Kf7 37. d5 cxd5 38. Rxd5 Re2+ 39. Kg1 Ke6 40. Rc5 Re3 1/2-1/2

[Event "Concordia op 5th"]
[Site "Concordia"]
[Date "2019.05.04"]
[Round "8"]
[White "Luz, Arthur Nader"]
[Black "Menna Barreto, Luiz Ney"]
[Result "1/2-1/2"]
[WhiteElo "2133"]
[BlackElo "2310"]
[PlyCount "56"]
[EventDate "2019.05.01"]
[EventType "swiss"]
[EventRounds "9"]
[EventCountry "BRA"]
[SourceTitle "CBM 190 Extra"]
[Source "ChessBase"]
[SourceDate "2019.07.15"]
[SourceVersion "1"]
[SourceVersionDate "2019.07.15"]
[SourceQuality "1"]

1. e4 e6 2. d4 d5 3. Nd2 dxe4 4. Nxe4 Bd7 5. Nf3 Bc6 6. Bd3 Nd7 7. 0-0 Be7 8. Qe2 Bxe4 9. Bxe4 c6 10. c4 Ngf6 11. Bc2 Qc7 12. b3 0-0 13. Bb2 Rfe8 14. Ne5 c5 15. Nxd7 Nxd7 16. dxc5 Bxc5 17. Rad1 Rad8 18. Rd3 Nf8 19. Rfd1 b6 20. g3 a5 21. h4 Rxd3 22. Rxd3 Rd8 23. h5 h6 24. Kg2 Rxd3 25. Bxd3 Qd6 26. Be5 Qe7 27. Qg4 f5 28. Qe2 Nd7 1/2-1/2

[Event "Concordia op 5th"]
[Site "Concordia"]
[Date "2019.05.03"]
[Round "6"]
[White "Dos Santos, Haroldo Cunha Jr"]
[Black "Menna Barreto, Luiz Ney"]
[Result "1/2-1/2"]
[WhiteElo "2126"]
[BlackElo "2310"]
[PlyCount "98"]
[EventDate "2019.05.01"]
[EventType "swiss"]
[EventRounds "9"]
[EventCountry "BRA"]
[SourceTitle "CBM 190 Extra"]
[Source "ChessBase"]
[SourceDate "2019.07.15"]
[SourceVersion "1"]
[SourceVersionDate "2019.07.15"]
[SourceQuality "1"]

1. d4 e6 2. c4 Nf6 3. Nf3 b6 4. g3 Bb7 5. Bg2 Bb4+ 6. Bd2 Be7 7. 0-0 0-0 8. Nc3 c5 9. Qc2 cxd4 10. Nxd4 Bxg2 11. Kxg2 Nc6 12. Nxc6 dxc6 13. Rad1 Qc7 14. Bf4 Qb7 15. f3 Rfd8 16. Bg5 Ne8 17. Bxe7 Qxe7 18. Qe4 Qc7 19. Qh4 Nf6 20. e4 b5 21. Qg5 b4 22. Na4 e5 23. Qe3 Nd7 24. b3 Nb6 25. Nc5 Nd7 26. Rf2 Nxc5 27. Rxd8+ Rxd8 28. Qxc5 a5 29. f4 exf4 30. gxf4 f6 31. e5 fxe5 32. fxe5 Re8 33. e6 Qe7 34. Qxe7 Rxe7 35. Rf5 Rxe6 36. Rxa5 Re2+ 37. Kg3 Kf7 38. Ra7+ Ke6 39. h4 c5 40. Rxg7 Rxa2 41. Kf4 Rb2 42. Rxh7 Rxb3 43. Rh6+ Kd7 44. Ke4 Rh3 45. Kd5 b3 46. Kxc5 b2 47. Rb6 Rh2 48. Rb7+ Kd8 49. Kc6 Rxh4 1/2-1/2

[Event "Florianopolis op 5th"]
[Site "Florianopolis"]
[Date "2019.01.26"]
[Round "9"]
[White "Diaz, Fernando"]
[Black "Menna Barreto, Luiz Ney"]
[Result "0-1"]
[WhiteElo "2095"]
[BlackElo "2327"]
[PlyCount "63"]
[EventDate "2019.01.21"]
[EventType "swiss"]
[EventRounds "10"]
[EventCountry "BRA"]
[SourceTitle "CBM 188 Extra"]
[Source "ChessBase"]
[SourceDate "2019.02.26"]
[SourceVersion "1"]
[SourceVersionDate "2019.02.26"]
[SourceQuality "1"]

1. d4 Nf6 2. c4 e6 3. Nc3 d5 4. cxd5 exd5 5. Nf3 c6 6. Qc2 g6 7. e3 Bf5 8. Bd3 Bxd3 9. Qxd3 Bg7 10. 0-0 0-0 11. b4 a6 12. a4 Nbd7 13. Nd2 b5 14. a5 Ne8 15. f3 f5 16. e4 dxe4 17. Qe3 Nb6 18. Ne2 Nd5 19. Qb3 Nd6 20. Bb2 Re8 21. Nf4 Nf7 22. fxe4 fxe4 23. Rae1 Qd6 24. Nxd5 Qxd5 25. Qc3 Nd6 26. Kh1 Nf5 27. Nb3 Rad8 28. Qc2 e3 29. Rf4 Qc4 30. Qd1 e2 31. Qd2 Qxb3 32. Rxe2 0-1

[Event "Florianopolis op 5th"]
[Site "Florianopolis"]
[Date "2019.01.26"]
[Round "8"]
[White "Menna Barreto, Luiz Ney"]
[Black "De Carvalho, Christopher"]
[Result "1/2-1/2"]
[WhiteElo "2327"]
[BlackElo "2131"]
[PlyCount "29"]
[EventDate "2019.01.21"]
[EventType "swiss"]
[EventRounds "10"]
[EventCountry "BRA"]
[SourceTitle "CBM 188 Extra"]
[Source "ChessBase"]
[SourceDate "2019.02.26"]
[SourceVersion "1"]
[SourceVersionDate "2019.02.26"]
[SourceQuality "1"]

1. Nf3 Nf6 2. c4 e6 3. d4 d5 4. Nc3 dxc4 5. e3 a6 6. a4 b6 7. Bxc4 Bb7 8. 0-0 Bb4 9. Qe2 Nbd7 10. Bd2 0-0 11. Ne4 Qe7 12. Nxf6+ Nxf6 13. Bxb4 Qxb4 14. Rfc1 Rfc8 15. Ne5 1/2-1/2

[Event "Florianopolis blitz op 5th"]
[Site "Florianopolis"]
[Date "2019.01.23"]
[Round "11"]
[White "Lopes Fo, Jorge Antonio Ferre"]
[Black "Menna Barreto, Luiz Ney"]
[Result "1/2-1/2"]
[WhiteElo "2175"]
[BlackElo "2333"]
[PlyCount "53"]
[EventDate "2019.01.23"]
[EventType "swiss (blitz)"]
[EventRounds "11"]
[EventCountry "BRA"]
[SourceTitle "CBM 188 Extra"]
[Source "ChessBase"]
[SourceDate "2019.02.26"]
[SourceVersion "1"]
[SourceVersionDate "2019.02.26"]
[SourceQuality "1"]

1. d4 Nf6 2. c4 e6 3. g3 d5 4. Bg2 c6 5. Qc2 Bd6 6. Nd2 0-0 7. Ngf3 Nbd7 8. 0-0 Re8 9. e4 dxe4 10. Nxe4 Nxe4 11. Qxe4 Nf6 12. Qc2 Qc7 13. c5 Bf8 14. Bf4 Qd8 15. Rfe1 Nd5 16. Bd2 Be7 17. Rad1 Bf6 18. Ne5 Bxe5 19. Rxe5 Qe7 20. Rde1 Bd7 21. Bxd5 cxd5 22. R5e2 Bc6 23. h4 Qf6 24. Qc3 Qg6 25. Bf4 a6 26. Qc2 Qxc2 27. Rxc2 1/2-1/2

[Event "Petropolis op 3rd"]
[Site "Petropolis"]
[Date "2013.02.24"]
[Round "5"]
[White "Menna Barreto, Luiz Ney"]
[Black "Barbosa, Evandro Amorim"]
[Result "0-1"]
[WhiteElo "2325"]
[BlackElo "2422"]
[PlyCount "78"]
[EventDate "2013.02.22"]
[EventType "swiss"]
[EventRounds "6"]
[EventCountry "BRA"]
[SourceTitle "CBM 153 Extra"]
[Source "ChessBase"]
[SourceDate "2013.04.22"]
[SourceVersion "1"]
[SourceVersionDate "2013.04.22"]
[SourceQuality "1"]

1. Nf3 c5 2. c4 Nc6 3. d4 cxd4 4. Nxd4 Nf6 5. Nc3 e6 6. e4 Bb4 7. Nxc6 bxc6 8. Bd3 e5 9. Be3 d6 10. f3 Bxc3+ 11. bxc3 0-0 12. 0-0 Be6 13. Qa4 Qc7 14. Bf2 Nd7 15. Rfd1 Nb6 16. Bxb6 Qxb6+ 17. Kh1 Rab8 18. Qa3 Qf2 19. Rab1 Rxb1 20. Rxb1 h5 21. Qxd6 Qxa2 22. h3 Qa5 23. Qxc6 Qxc3 24. Qd6 Rc8 25. Rb5 Qc1+ 26. Kh2 Qf4+ 27. Kg1 Bxc4 28. Rb8 Qc1+ 29. Kh2 Bxd3 30. Rxc8+ Qxc8 31. Qxd3 Qc7 32. h4 g6 33. g4 hxg4 34. fxg4 Qb6 35. Kg2 Qd4 36. Qf3 Qd2+ 37. Kh3 Qf4 38. Qd3 Kg7 39. Qe2 a5 0-1

[Event "Porto Alegre op"]
[Site "Porto Alegre"]
[Date "2012.09.09"]
[Round "6"]
[White "Gauche, Charles"]
[Black "Menna Barreto, Luiz Ney"]
[Result "1/2-1/2"]
[WhiteElo "2230"]
[BlackElo "2310"]
[PlyCount "142"]
[EventDate "2012.09.06"]
[EventType "swiss"]
[EventRounds "7"]
[EventCountry "BRA"]
[SourceTitle "CBM 150 Extra"]
[Source "ChessBase"]
[SourceDate "2012.10.19"]
[SourceVersion "1"]
[SourceVersionDate "2012.10.19"]
[SourceQuality "1"]

1. e4 e6 2. d4 d5 3. e5 c5 4. c3 Qb6 5. Nf3 Bd7 6. Be2 Bb5 7. 0-0 Bxe2 8. Qxe2 Qa6 9. Qd1 Nd7 10. a4 c4 11. Na3 Bxa3 12. Rxa3 Ne7 13. Ng5 h6 14. Qh5 Rf8 15. Nf3 0-0-0 16. Nh4 f6 17. exf6 Rxf6 18. f4 Rdf8 19. Re1 Qb6 20. Qg4 g6 21. a5 Qc6 22. Nf3 h5 23. Qh3 Nf5 24. Ng5 Re8 25. Re2 Re7 26. Be3 Qd6 27. Bd2 Rf8 28. Ra1 Rfe8 29. Qf3 Nb8 30. Qf1 a6 31. Qd1 Nc6 32. Bc1 Qc7 33. Qa4 Nd6 34. Bd2 Nf7 35. Nf3 Nh6 36. Ne5 Rg8 37. g3 Nf5 38. Kg2 Nxe5 39. dxe5 Qc6 40. h3 Qxa4 41. Rxa4 Rh7 42. Rb4 Ne7 43. Be3 Nc6 44. Ra4 Rf8 45. Bc5 Rff7 46. h4 Rf5 47. Bd6 Na7 48. Ra1 Nb5 49. Bc5 Rhf7 50. Bb6 Kd7 51. Be3 Nc7 52. Rg1 Ne8 53. Kh3 Ng7 54. b3 cxb3 55. Rb1 Kc8 56. Bb6 Rd7 57. Rxb3 Rff7 58. c4 d4 59. Rd2 Nf5 60. Rbd3 Rf8 61. Kg2 Kb8 62. Bxd4 Rfd8 63. Ba7+ Kc8 64. Rxd7 Rxd7 65. Rxd7 Kxd7 66. Kf3 Nh6 67. Bd4 Kc6 68. Ke4 Nf5 69. Bf2 Nh6 70. Ba7 Nf5 71. Bf2 Nh6 1/2-1/2

[Event "Petropolis op"]
[Site "Petropolis"]
[Date "2012.01.28"]
[Round "3"]
[White "Amaral, Rogerio Einloft"]
[Black "Menna Barreto, Luiz Ney"]
[Result "0-1"]
[WhiteElo "1890"]
[BlackElo "2301"]
[PlyCount "92"]
[EventDate "2012.01.27"]
[EventType "swiss"]
[EventRounds "6"]
[EventCountry "BRA"]
[SourceTitle "CBM 146 Extra"]
[Source "ChessBase"]
[SourceDate "2012.02.29"]
[SourceVersion "1"]
[SourceVersionDate "2012.02.29"]
[SourceQuality "1"]

1. e4 c6 2. d4 d5 3. e5 Bf5 4. Nf3 e6 5. Bd3 Bxd3 6. Qxd3 Qa5+ 7. Bd2 Qa6 8. Qxa6 Nxa6 9. a3 c5 10. c3 c4 11. 0-0 Ne7 12. Be3 Nc6 13. Nfd2 Na5 14. a4 Rc8 15. Na3 Bxa3 16. Rxa3 Nb8 17. Rc1 Nbc6 18. b4 cxb3 19. Nxb3 Nxb3 20. Rxb3 Na5 21. Rb5 b6 22. Bd2 Kd7 23. Kf1 Rc4 24. Ra1 Kc6 25. Ke2 Rxa4 26. Rxb6+ Kxb6 27. Rxa4 Nc4 28. Rb4+ Kc6 29. Bc1 a5 30. Ra4 f6 31. exf6 gxf6 32. g3 Rb8 33. Kd3 Rb2 34. Rxa5 Rxf2 35. Ra6+ Nb6 36. Bf4 Rxh2 37. Ra7 Nc4 38. Ra6+ Kd7 39. Ra7+ Ke8 40. Ra6 Kf7 41. Ra7+ Kg6 42. Ra6 Kf5 43. Ra7 h5 44. Rg7 h4 45. Rg8 hxg3 46. Bxg3 Rd2# 0-1

[Event "Dois Irmaos Regional Sul"]
[Site "Dois Irmaos"]
[Date "2012.??.??"]
[Round "3"]
[White "Menna Barreto, Luiz Ney"]
[Black "Florianovitz, Derlei Alex"]
[Result "1-0"]
[WhiteElo "2325"]
[BlackElo "2059"]
[PlyCount "169"]
[EventDate "2012.10.12"]
[EventType "swiss"]
[EventRounds "6"]
[EventCountry "BRA"]
[SourceTitle "EXT 2013"]
[Source "ChessBase"]
[SourceDate "2012.11.22"]
[SourceVersion "1"]
[SourceVersionDate "2012.11.22"]
[SourceQuality "1"]

1. Nf3 Nf6 2. c4 e6 3. g3 d5 4. d4 c6 5. Bg2 Be7 6. 0-0 0-0 7. Nc3 Nbd7 8. Qd3 h6 9. e4 dxe4 10. Nxe4 c5 11. Rd1 cxd4 12. Qxd4 e5 13. Nxf6+ Bxf6 14. Qd6 Be7 15. Qd5 Qc7 16. b3 Bf6 17. Ba3 Re8 18. Nd2 e4 19. Rac1 Nb6 20. Qc5 Qxc5 21. Bxc5 Bf5 22. Nf1 Nd7 23. Bd4 Ne5 24. Ne3 Bg6 25. Nd5 Bd8 26. Nf4 Bf5 27. Re1 Ba5 28. Bc3 Bxc3 29. Rxc3 Nd3 30. Rd1 Nxf4 31. gxf4 Rad8 32. Rcc1 Bg6 33. Kf1 f5 34. Ke1 Bh5 35. Rd5 Rxd5 36. cxd5 Rd8 37. Rc5 b6 38. Rb5 Be8 39. Rb4 Rxd5 40. Bf1 Rd6 41. Rc4 Bh5 42. Rc8+ Kh7 43. Be2 Bxe2 44. Kxe2 Kg6 45. Rc7 a5 46. Rb7 Kf6 47. h4 g6 48. Rh7 h5 49. Rc7 Ke6 50. Rg7 Kd5 51. Kd2 Kc5+ 52. Kc2 Kb4 53. Rc7 b5 54. Rb7 Rd3 55. a3+ Kxa3 56. Rxb5 a4 57. bxa4 Kxa4 58. Rb6 Rf3 59. Rxg6 Rxf2+ 60. Kc3 Rxf4 61. Rg5 Kb5 62. Rxh5 Kc5 63. Rh8 Rf3+ 64. Kd2 f4 65. h5 Rf2+ 66. Kc3 Kd5 67. h6 Rf3+ 68. Kd2 Rf2+ 69. Ke1 Rh2 70. h7 Rh1+ 71. Kf2 e3+ 72. Ke2 Rh2+ 73. Kd3 Rd2+ 74. Kc3 Rh2 75. Rd8+ Ke4 76. h8Q Rxh8 77. Rxh8 f3 78. Rh4+ Kf5 79. Kd3 e2 80. Kd2 Kg5 81. Ra4 Kf5 82. Ke1 Ke5 83. Kf2 Kf5 84. Ra3 Kg4 85. Rb3 1-0

[Event "Porto Alegre op"]
[Site "Porto Alegre"]
[Date "2011.09.09"]
[Round "4"]
[White "Da Silva, Eduardo Munoa"]
[Black "Menna Barreto, Luiz Ney"]
[Result "1-0"]
[WhiteElo "2080"]
[BlackElo "2316"]
[PlyCount "45"]
[EventDate "2011.09.07"]
[EventType "swiss"]
[EventRounds "7"]
[EventCountry "BRA"]
[SourceTitle "CBM 144 Extra"]
[Source "ChessBase"]
[SourceDate "2011.10.28"]
[SourceVersion "1"]
[SourceVersionDate "2011.10.28"]
[SourceQuality "1"]

1. d4 e6 2. c4 d5 3. Nc3 Nf6 4. Nf3 c6 5. e3 Nbd7 6. Bd3 Be7 7. e4 dxe4 8. Nxe4 0-0 9. 0-0 b6 10. Bf4 Nxe4 11. Bxe4 Bb7 12. Qe2 Nf6 13. Bc2 c5 14. Rad1 Bxf3 15. Qxf3 cxd4 16. Be5 Bc5 17. b4 Nd7 18. Bg3 Bxb4 19. Rxd4 Qe7 20. Bh4 f6 21. Qd3 Ne5 22. Qxh7+ Kf7 23. Qh5+ 1-0